000 00561nam a2200193 i 4500
001 35551
003 ES-MaACL
005 20250804063354.0
007 t|
008 030213s1965 sp ||||1| spa d
100 1 _aBosch, Andrés,
_d1926-1984
_9160182
245 1 3 _aLa estafa /
_cAndrés Bosch.
260 _aMadrid :
_bFermín Uriarte,
_c[1965]
300 _a301 p. ;
_c21 cm.
490 1 _aNovela europea contemporánea
830 0 _aNovela europea contemporánea
_9183312
852 _aES-MaACL
_jC-27147
_bR.56177
999 _c35551
_d35551